Diagramy aktivít pre digitálne systémy

Salvato in:
Dettagli Bibliografici
Autore principale: Abrahoim, Jakub (Autore)
Altri autori: Kohútka, Lukáš (Relatore della tesi)
Natura: Manoscritto Libro
Lingua:slovacco
Pubblicazione: 2022
Soggetti:
Accesso online:http://is.stuba.sk/zp/portal_zp.pl?podrobnosti=148129
Tags: Aggiungi Tag
Nessun Tag, puoi essere il primo ad aggiungerne!!

MARC

LEADER 00000ntm a22000003a 4500
001 stuzp88144
003 SK-STU
005 20220625211219.5
007 ta
008 150427s2015----xo-----f-mn---000-0-slo-d
040 |a STU  |b slo 
041 0 |a slo 
100 1 |a Abrahoim, Jakub  |u 070200  |4 aut  |U FIIT Fakulta informatiky a informačných technológií  |T FIIT Ústav informatiky, informačných systémov a softvérového inžinierstva  |X 96649  |U I200  |Y 179  |7 96649 
242 0 1 |a Activity diagrams for digital systems  |y eng 
245 1 0 |a Diagramy aktivít pre digitálne systémy 
260 |c 2022 
650 4 |a Diagramy aktivít  |2 slo 
650 4 |a JointJS  |2 slo 
650 4 |a SystemVerilog  |2 slo 
650 4 |a Digitálne systémy  |2 slo 
650 4 |a Angular  |2 slo 
650 4 |a TypeScript  |2 slo 
650 4 |a Activity diagrams  |2 eng 
650 4 |a SystemVerilog  |2 eng 
650 4 |a Angular  |2 eng 
650 4 |a TypeScript  |2 eng 
650 4 |a Digital systems  |2 eng 
650 4 |a JointJS  |2 eng 
700 1 |a Kohútka, Lukáš  |u 070200  |k Z1  |4 ths  |U FIIT Fakulta informatiky a informačných technológií  |T FIIT Ústav informatiky, informačných systémov a softvérového inžinierstva  |X 5813  |U I200  |Y 179  |7 A000005813 
856 4 |u http://is.stuba.sk/zp/portal_zp.pl?podrobnosti=148129